Quiz su Gibilterra - Statistics

Statistiche generali
  • Questo quiz è stato fatto 39 volte
  • Il punteggio medio è 12 su 18
Statistiche sulle risposte
Definizione Risposta % Corretto
Gibilterra è dipendente da questo Stato Regno Unito
100%
Ma è rivendicata da quest'altro Stato Spagna
100%
Lingua Ufficiale Inglese
97%
Mar Mediterraneo
97%
Altre lingue parlate Spagnolo
97%
La risposta qui sopra collega queste due masse d'acqua Oceano Atlantico
94%
Tratto di mare che prende il nome da Gibilterra Stretto di Gibilterra
94%
Penisola in cui si trova Penisola Iberica
91%
Nel 711 Gibilterra fu conquistata dagli ______ Arabi
88%
Sport più popolare a Gibilterra Calcio
84%
Moneta Ufficiale Sterlina di Gibilterra
81%
Un tempo, si pensava che dopo Gibilterra ci fossero le ________ __________ Colonne d'Ercole
69%
Viene considerata da alcuni come l'ultima ________ in Europa Colonia
50%
Gibilterra, come molte micronazioni, è un ___________ _________ Paradiso fiscale
41%
A Gibilterra si trovano le uniche _________ in Europa Scimmie
31%
Llanito
9%
I cittadini di Gibilterra godono di un'alta ___________ _____ ______ Qualità della vita
9%
Miss Gibilterra e Miss Mondo nel 2009 Kaiane Aldorino
3%
Nessun quiz corrispondente trovato
Distribuzione punteggi
Percentuale di utenti per punteggio
Percentile per numero di risposta
I tuoi punteggi nel tempo
Non hai fatto questo quiz